| 000 | 00559nam a2200205 i 4500 | ||
|---|---|---|---|
| 001 | 56271 | ||
| 003 | ES-MaACL | ||
| 005 | 20240125170451.0 | ||
| 007 | t| | ||
| 008 | 031007s1967 sp e ||||1| spa d | ||
| 245 | 0 | 0 | _aDiccionario enciclópedico ilustrado Plaza y Janés. |
| 250 | _a1ª ed. | ||
| 260 |
_aBarcelona : _bPlaza & Janés, _c1967. |
||
| 300 |
_a3 v. : _bil. ; _c26 cm. |
||
| 655 | 7 |
_2tgfbne _9226844 _aEnciclopedias |
|
| 710 | 2 |
_aPlaza & Janés Editores. _96229 |
|
| 852 | 4 |
_aES-MaACL _jC-32227-29 |
|
| 942 | _2udc | ||
| 999 |
_c56271 _d56271 |
||